Introduction to stock exchange investment / (Record no. 3157)
[ view plain ]
| 000 -LEADER | |
|---|---|
| fixed length control field | 00842cam a22002532 4500 |
| 001 - CONTROL NUMBER | |
| control field | 0000007112 |
| 005 - DATE AND TIME OF LATEST TRANSACTION | |
| control field | 20151217145834.0 |
| 008 - FIXED-LENGTH DATA ELEMENTS--GENERAL INFORMATION | |
| fixed length control field | 071117s xx 000 0 eng d |
| 020 ## - INTERNATIONAL STANDARD BOOK NUMBER | |
| International Standard Book Number | 0333778029 : |
| Terms of availability | KES 3937.50 |
| 040 ## - CATALOGING SOURCE | |
| Original cataloging agency | KABU |
| Transcribing agency | KABU |
| 050 #0 - LIBRARY OF CONGRESS CALL NUMBER | |
| Classification number | HG5432 |
| Item number | .R88 2007 |
| 100 1# - MAIN ENTRY--PERSONAL NAME | |
| Personal name | Rutterford, Janette. |
| -- | 0000153344 |
| 245 10 - TITLE STATEMENT | |
| Title | Introduction to stock exchange investment / |
| Statement of responsibility, etc. | Janette Rutherford. |
| 250 ## - EDITION STATEMENT | |
| Edition statement | 3rd ed. |
| 260 ## - PUBLICATION, DISTRIBUTION, ETC. (IMPRINT) | |
| Place of publication, distribution, etc. | Houndmills, Basingstoke : |
| Name of publisher, distributor, etc. | Palgrave Macmillan, |
| Date of publication, distribution, etc. | 2007. |
| 300 ## - PHYSICAL DESCRIPTION | |
| Extent | xix, 508 p. |
| 650 #0 - SUBJECT ADDED ENTRY--TOPICAL TERM | |
| Topical term or geographic name as entry element | International stock exchange. |
| -- | 0000153345 |
| 650 #0 - SUBJECT ADDED ENTRY--TOPICAL TERM | |
| Topical term or geographic name as entry element | Securities industry |
| Geographic subdivision | Great Britain. |
| -- | 0000153346 |
| 650 #0 - SUBJECT ADDED ENTRY--TOPICAL TERM | |
| Topical term or geographic name as entry element | Portfolio management. |
| -- | 0000152629 |
| 650 #0 - SUBJECT ADDED ENTRY--TOPICAL TERM | |
| Topical term or geographic name as entry element | International investment. |
| -- | 0000153347 |
| 908 ## - PUT COMMAND PARAMETER (RLIN) | |
| Put command parameter | 071117 |
| 950 ## - LOCAL HOLDINGS (RLIN) | |
| -- | 1 |
| Withdrawn status | Lost status | Source of classification or shelving scheme | Not for loan | Home library | Current library | Date acquired | Total Checkouts | Full call number | Barcode | Date last seen | Date last checked out | Price effective from | Koha item type |
|---|---|---|---|---|---|---|---|---|---|---|---|---|---|
| Library of Congress Classification | Kabarak, Main Campus | Kabarak, Main Campus | 17/12/2015 | 1 | HG5432 .R88 2007 | 011118 | 28/11/2022 | 15/11/2022 | 17/12/2015 | General Collection | |||
| Library of Congress Classification | Kabarak, Main Campus | Kabarak, Main Campus | 17/12/2015 | HG5432 .R88 2007 | 011117 | 17/12/2015 | 17/12/2015 | General Collection |